| 000 | 00413nam a2200157Ia 4500 | ||
|---|---|---|---|
| 008 | 210210b1986 xxu||||| |||| 00| 0 eng d | ||
| 082 | _a547 BHUS | ||
| 100 | _aBHUTANI (S P). | ||
| 245 | _aSelected topics in organic chemistry.V1. | ||
| 260 |
_aN D _bVishal Publications _c1986 |
||
| 300 | _aiii,298 | ||
| 440 | _a1 | ||
| 650 | _aOrganic chemistry Biochemistry | ||
| 690 | _aOrganic Chemistry | ||
| 906 | _a038325 | ||
| 999 |
_c88501 _d88501 |
||